Prescripción, términos judiciales, etc. (Record no. 29949)

MARC details
000 -LEADER
campo de control de longitud fija 00613nam a2200169 i 4500
001 - NÚMERO DE CONTROL
campo de control 29949
003 - IDENTIFICADOR DE NÚMERO DE CONTROL
campo de control ES-MaACL
005 - FECHA Y HORA DE LA ÚLTIMA TRANSACCIÓN
campo de control 20230906154120.0
007 - CAMPO FIJO DE DESCRIPCIÓN FÍSICA--INFORMACIÓN GENERAL
campo de control de longitud fija t|
008 - DATOS DE LONGITUD FIJA--INFORMACIÓN GENERAL
campo de control de longitud fija 030123q1891 gt ||||1| spa d
100 1# - ENTRADA PRINCIPAL--NOMBRE DE PERSONA
Nombre de persona Aragón D., Fernando.
9 (RLIN) 22185
245 10 - MENCIÓN DEL TÍTULO
Título Prescripción, términos judiciales, etc.
Resto del título : tabla formulada en orden alfabético y con presencia de las leyes vigentes en la República /
Mención de responsabilidad, etc. por el licenciado Fernando Aragón D.
260 ## - PUBLICACIÓN, DISTRIBUCIÓN, ETC.
Lugar de publicación, distribución, etc. Guatemala :
Nombre del editor, distribuidor, etc. [s.n.,
Fecha de publicación, distribución, etc. 1891?] (
Fabricante Tip. "La Unión")
300 ## - DESCRIPCIÓN FÍSICA
Extensión 85 p. ;
Dimensiones 21 cm.
650 #4 - PUNTO DE ACCESO ADICIONAL DE MATERIA--TÉRMINO DE MATERIA
Término de materia o nombre geográfico como elemento de entrada Derecho-
Subdivisión geográfica Guatemala.
9 (RLIN) 173734
852 ## - LOCALIZACIÓN
Ubicación ES-MaACL
Número de control de estantería T-981-F-2
Holdings
Estatus retirado Estado de pérdida Estado de daño No para préstamo Colección Biblioteca de origen Biblioteca actual Ubicación en estantería Fecha de adquisición Fuente de adquisición Total de préstamos Signatura topográfica completa Código de barras Visto por última vez Precio de reemplazo Tipo de ítem Koha
        Colección de folletos Biblioteca del Ateneo de Madrid Biblioteca del Ateneo de Madrid Depósito folletos 17/01/2008     T-981-F-2 1030920 23/02/2023 23/02/2023 Folleto